Sports Quiz

Random Sports or NCAA Quiz

1992 Dream Team Factoids Quiz Stats

 Plays Quiz not verified by Sporcle

Challenge
Share
Tweet
Embed
Score 0/106 Timer 12:00
0 Plays Today
Answer % Correct
Michael Jordan
87.1%
North Carolina
86.1%
1984
86.1%
23 & 45
86.1%
6
86.1%
Christian Laettner
85.1%
Bulls
85.1%
5
85.1%
Wizards
85.1%
2009
82.2%
1992
81.2%
Duke
80.2%
Larry Bird
79.2%
Celtics
78.2%
3
78.2%
3
78.2%
Celtics
78.2%
0
77.2%
0
77.2%
David Robinson
76.2%
1978
76.2%
Scottie Pippen
76.2%
Navy
75.2%
2
75.2%
Spurs
75.2%
Indiana State
75.2%
1987
74.3%
Spurs
74.3%
1
74.3%
33
74.3%
Patrick Ewing
72.3%
1998
72.3%
Clyde Drexler
72.3%
Charles Barkley
72.3%
Magic Johnson
72.3%
2009
71.3%
Answer % Correct
Bulls
71.3%
6
71.3%
0
71.3%
1
71.3%
0
71.3%
Karl Malone
71.3%
Knicks
70.3%
0
70.3%
1983
70.3%
John Stockton
70.3%
1985
69.3%
0
69.3%
1987
69.3%
Blazers
69.3%
Rockets
69.3%
0
69.3%
1
69.3%
Lakers
69.3%
1985
68.3%
Jazz
68.3%
0
68.3%
2
68.3%
Lakers
68.3%
1984
68.3%
1979
68.3%
5
68.3%
50
67.3%
Georgetown
67.3%
33 & 6
67.3%
33
67.3%
2004
67.3%
1984
67.3%
Jazz
67.3%
0
67.3%
Chris Mullin
67.3%
3
67.3%
Answer % Correct
2008
66.3%
2010
66.3%
0
66.3%
Jazz
66.3%
76ers
66.3%
Michigan State
66.3%
Lakers
66.3%
2010
65.3%
32 & 11
65.3%
32 & 34
65.3%
32
65.3%
12
64.4%
2009
64.4%
1985
64.4%
0
64.4%
0
64.4%
Houston
62.4%
Gonzaga
61.4%
Auburn
61.4%
2002
61.4%
Magic
60.4%
2006
60.4%
32 & 44
59.4%
Timberwolves
59.4%
Warriors
59.4%
Rockets
58.4%
Bulls
55.4%
22
55.4%
St. John's
48.5%
Warriors
48.5%
Louisiana Tech
46.5%
Central Arkansas
45.5%
17
45.5%
Heat
31.7%

You're not logged in!

Compare scores with friends on all Sporcle quizzes.
OR
Log In

You Might Also Like...

Show Comments

Extras

Top Quizzes Today


Score Distribution

Your Account Isn't Verified!

In order to create a playlist on Sporcle, you need to verify the email address you used during registration. Go to your Sporcle Settings to finish the process.

Report this User

Report this user for behavior that violates our Community Guidelines.

Details: